Lý thuyết thông tin /

- Mã hóa bảo mật thông tin.

Uloženo v:
Podrobná bibliografie
Hlavní autor: Hồ Văn Quân
Médium: Kniha
Jazyk:Vietnamese
Vydáno: Tp.HCM : Đại học Quốc gia TP. HCM , 2008
Vydání:Tái bản lần thứ 2
Témata:
Tagy: Přidat tag
Žádné tagy, Buďte první, kdo otaguje tento záznam!
Thư viện lưu trữ: Thư viện Trường CĐ Kỹ Thuật Cao Thắng
LEADER 02140nam a2200325 a 4500
001 TVCDKTCT4897
003 Thư viện trường Cao đẳng Kỹ thuật Cao Thắng
005 20170602094536.4
008 060421
980 \ \ |a Thư viện Trường CĐ Kỹ Thuật Cao Thắng 
024 |a RG_1 #1 eb0 i1 
041 0 # |a vie 
082 # # |a 621.38 /   |b H450Q-l 
100 1 # |a Hồ Văn Quân 
245 0 0 |a Lý thuyết thông tin /   |c Hồ Văn Quân 
250 # # |a Tái bản lần thứ 2 
260 # # |a Tp.HCM :   |b Đại học Quốc gia TP. HCM ,   |c 2008 
300 # # |a 203tr. ;   |c 24cm 
520 # # |a - Mã hóa bảo mật thông tin. 
520 # # |a - Mã hóa chống nhiễu thông tin trên đường truyền. 
520 # # |a - Phần mã hóa chống nhiễu dựa trên đại số tuyến tính. 
520 # # |a - Phần mã hóa tối ưu đặt nền tảng trên lý thuyết xác suất. 
520 # # |a - Phần mật mã hóa dựa trên lí thuyết số học. 
520 # # |a - Việc biểu diễn thông tin từ tối ưu về kích thước hay còn được gọi là mã hóa tối ưu (nén dữ liệu). 
520 # # |a Cuốn "Lý thuyết thông tin" chủ yếu trình bày lý thuyết thông tin theo quan điểm kỹ thuật, ngoài ra tài liệu cũng nêu ra một số khiá cạnh của thông tin mà có thể áp dụng vào các lĩnh vực khác. 
520 # # |a Một điều sinh viên và độc gải cần chú ý khi học và tìm hiểu về môn học này, là nó được đặt nền tảng trên nhiều ngành tóan học như : 
520 # # |a Nội dung cuốn sách tập trung vào các vấn đề sau : 
650 # 4 |a Điện tử -Viễn thông 
650 # 4 |a Mã hóa thông tin 
841 # # |b Kho Sách   |j 100015692, 100015738, 100015739, 100015746, 100030417, 100030418, 100030426, 100030431, 100030436, 100030438, 100030446, 100030451, 100030452, 100030454